00562 2200217 4500001002100000005001500021008004100036020002200077035001900099041000700118082001200125090001800137100002100155700002100176245004200197250000600239260002700245300003700272500001100309650002400320INLIS00000000001341320241224114542241224||||||||| | ||| |||| || |  a978-979-29-0647-9 0010-1224013413 aid0 a621.381 a621.381 WID e0 aWidodo Budiharto0 aSigit Firmansyah00aElektronika Digital dan Mikroprosesor a2 aYogyakartabandic2010 a23x16 cm, viii, 342 hlm.; ilus.: aCet. 1 0aElektronika Digital